[Event "Ruhrgebiet Verbandsliga Gruppe 2 1819"]
[Site "Nordrheinwestfalen"]
[Date "2018.10.07"]
[Round "2.7"]
[White "Kleiner, Tom"]
[Black "Peters, Olaf"]
[Result "1-0"]
[WhiteElo "1877"]
[BlackElo "1904"]
[PlyCount "111"]
[EventDate "2018.09.23"]
[EventType "team-tourn"]
[EventRounds "9"]
[EventCountry "GER"]
[SourceTitle "EXT 2022"]
[Source "ChessBase"]
[SourceDate "2021.10.06"]
[SourceVersion "1"]
[SourceVersionDate "2021.10.06"]
[SourceQuality "1"]
[WhiteTeam "Recklinghausen Sued"]
[BlackTeam "Bochum SV II"]
[WhiteTeamCountry "GER"]
[BlackTeamCountry "GER"]

1. e4 c5 2. Nc3 Nc6 3. f4 g6 4. Nf3 Bg7 5. Be2 e6 6. d3 Nge7 7. 0-0 0-0 8. Be3 b6 9. d4 cxd4 10. Nxd4 Bb7 11. Bf3 d5 12. exd5 Nxd5 13. Nxd5 exd5 14. Nxc6 Bxc6 15. Bd4 Rc8 16. Bxg7 Kxg7 17. Qd4+ Qf6 18. Qxf6+ Kxf6 19. c3 Rfd8 20. Rad1 d4 21. cxd4 Bxf3 22. Rxf3 Rc4 23. d5 Kf5 24. g3 Ke4 25. Rfd3 Rd6 26. R1d2 Rc5 27. Rd4+ Ke3 28. Kf1 Rc1+ 29. Kg2 h5 30. R4d3+ Ke4 31. Kf2 f6 32. Rd4+ Kf5 33. Ke3 Rc5 34. h3 Rc7 35. Kf3 g5 36. g4+ hxg4+ 37. hxg4+ Kg6 38. f5+ Kg7 39. Re2 Rcd7 40. Re6 Rxd5 41. Rxd5 Rxd5 42. Re7+ Kf8 43. Rxa7 Rb5 44. b3 Rb4 45. Ra4 Rb5 46. Re4 Kf7 47. Ke3 Rd5 48. Rd4 Rb5 49. Kd3 Ke7 50. b4 Re5 51. Re4 Kd6 52. Rxe5 Kxe5 53. a4 Kf4 54. a5 bxa5 55. bxa5 Kxg4 56. a6 1-0

[Event "Ruhrgebiet Verbandsklasse Gruppe 2 1718"]
[Site "Germany"]
[Date "2017.10.08"]
[Round "2.5"]
[White "Degner, Friedhelm"]
[Black "Peters, Olaf"]
[Result "0-1"]
[WhiteElo "1776"]
[BlackElo "1878"]
[PlyCount "86"]
[EventDate "2017.09.17"]
[EventType "team-tourn"]
[EventRounds "9"]
[EventCountry "GER"]
[SourceTitle "EXT 2022"]
[Source "ChessBase"]
[SourceDate "2021.10.06"]
[SourceVersion "1"]
[SourceVersionDate "2021.10.06"]
[SourceQuality "1"]
[WhiteTeam "Essen SK Germania Kupferdreh"]
[BlackTeam "Bochum SV II"]
[WhiteTeamCountry "GER"]
[BlackTeamCountry "GER"]

1. e4 c5 2. d4 cxd4 3. c3 dxc3 4. Nxc3 Nc6 5. Bc4 e6 6. Bf4 d6 7. Nf3 a6 8. a3 Be7 9. Rc1 Nf6 10. 0-0 0-0 11. Qe2 b5 12. Ba2 Bb7 13. Rfd1 Qb8 14. Be3 Ne5 15. Nxe5 dxe5 16. f3 Rd8 17. Qf2 Rxd1+ 18. Rxd1 Qe8 19. Bc5 Rd8 20. Bb3 Rxd1+ 21. Bxd1 Nd7 22. Bxe7 Qxe7 23. Qd2 f6 24. Bb3 Kf7 25. Kf1 Nc5 26. Ba2 Qd7 27. Qxd7+ Nxd7 28. Nd1 Ke7 29. Ne3 Kd6 30. b4 Nb8 31. Ke2 Nc6 32. Kd3 g5 33. Ng4 Ke7 34. Kc3 h5 35. Ne3 Nd4 36. Bb1 Bc8 37. Ba2 Kd6 38. Kd2 f5 39. Kd3 Bb7 40. Nd1 g4 41. exf5 gxf3 42. g4 hxg4 43. Nf2 exf5 0-1

[Event "Ruhrgebiet Verbandsklasse Gruppe 2 1617"]
[Site "Germany"]
[Date "2016.09.04"]
[Round "1.7"]
[White "Peters, Olaf"]
[Black "Sondermann, Dirk"]
[Result "0-1"]
[WhiteElo "1897"]
[BlackElo "1794"]
[PlyCount "150"]
[EventDate "2016.09.04"]
[EventType "team-tourn"]
[EventRounds "9"]
[EventCountry "GER"]
[SourceTitle "EXT 2022"]
[Source "ChessBase"]
[SourceDate "2021.10.06"]
[SourceVersion "1"]
[SourceVersionDate "2021.10.06"]
[SourceQuality "1"]
[WhiteTeam "Bochum SV II"]
[BlackTeam "Annen Sport Union"]
[WhiteTeamCountry "GER"]
[BlackTeamCountry "GER"]

1. c4 e5 2. Nc3 Nf6 3. g3 d5 4. cxd5 Nxd5 5. Bg2 Nb6 6. Nf3 Nc6 7. 0-0 Be7 8. d4 exd4 9. Nb5 Bf6 10. Bf4 Nd5 11. Qd2 a6 12. Na3 0-0 13. Rad1 Bg4 14. h3 Bxf3 15. Bxf3 g5 16. Bxd5 Qxd5 17. Bxc7 Qd7 18. Bb6 Qxh3 19. Qd3 Rfe8 20. Nc4 Re6 21. Qf3 g4 22. Qg2 Qxg2+ 23. Kxg2 Rxe2 24. Rd2 Rxd2 25. Nxd2 Re8 26. Rd1 Re6 27. Nb3 Re2 28. Bxd4 Nxd4 29. Nxd4 Rxb2 30. Nf5 Kf8 31. Rc1 Ke8 32. Rc4 Kd7 33. a4 h5 34. Ne3 Ke6 35. Re4+ Kd7 36. Nd5 Bd8 37. Nf4 Bb6 38. Nxh5 Rxf2+ 39. Kh1 Rf1+ 40. Kh2 Rf2+ 41. Kh1 f5 42. Nf6+ Kd6 43. Ne8+ Kd7 44. Nf6+ Kc8 45. Rc4+ Kb8 46. Nd7+ Ka7 47. Rb4 Be3 48. Nf6 Rf3 49. Kg2 Rf2+ 50. Kh1 Rd2 51. Nh5 Rd4 52. Rb3 Bd2 53. Rb2 Bg5 54. Ra2 Rd1+ 55. Kg2 Rd2+ 56. Rxd2 Bxd2 57. Ng7 f4 58. gxf4 Bxf4 59. Ne6 Bd6 60. Nd4 Kb6 61. Nf5 Bc7 62. Ne3 Ka5 63. Nxg4 Kxa4 64. Kf3 Kb3 65. Ke4 a5 66. Kd3 a4 67. Ne3 a3 68. Nc2 Be5 69. Kd2 a2 70. Kc1 b5 71. Kd2 b4 72. Kc1 Bb2+ 73. Kd2 a1Q 74. Nxa1+ Bxa1 75. Kc1 Ka2 0-1

[Event "Ruhrgebiet Verbandsklasse Gruppe 2 1415"]
[Site "Germany"]
[Date "2015.02.08"]
[Round "6.3"]
[White "Mewes, Karsten"]
[Black "Peters, Olaf"]
[Result "1/2-1/2"]
[WhiteElo "1940"]
[BlackElo "1906"]
[PlyCount "45"]
[EventDate "2014.09.21"]
[EventType "team-tourn"]
[EventRounds "9"]
[EventCountry "GER"]
[SourceTitle "EXT 2022"]
[Source "ChessBase"]
[SourceDate "2021.10.06"]
[SourceVersion "1"]
[SourceVersionDate "2021.10.06"]
[SourceQuality "1"]
[WhiteTeam "Castrop Rauxel II"]
[BlackTeam "Bochum SC an der Uni"]
[WhiteTeamCountry "GER"]
[BlackTeamCountry "GER"]

1. Nf3 c5 2. b3 Nc6 3. Bb2 d6 4. e3 Bg4 5. h3 Bh5 6. d3 e5 7. Nbd2 f5 8. Be2 Nf6 9. a3 Be7 10. Nh4 Bxe2 11. Qxe2 Qd7 12. Nhf3 0-0-0 13. 0-0-0 h6 14. e4 g6 15. c4 Rhf8 16. Rhe1 Rf7 17. Kb1 Rdf8 18. Ka2 Nh5 19. exf5 Rxf5 20. g3 Bg5 21. Nxg5 Rxf2 22. Qg4 hxg5 23. Ne4 1/2-1/2

[Event "Ruhrgebiet Verbandsklasse Gruppe 2 1415"]
[Site "Germany"]
[Date "2014.11.16"]
[Round "3.3"]
[White "Peters, Olaf"]
[Black "Fuhrmann, Marc Andre"]
[Result "1/2-1/2"]
[WhiteElo "1906"]
[BlackElo "1929"]
[PlyCount "66"]
[EventDate "2014.09.21"]
[EventType "team-tourn"]
[EventRounds "9"]
[EventCountry "GER"]
[SourceTitle "EXT 2022"]
[Source "ChessBase"]
[SourceDate "2021.10.06"]
[SourceVersion "1"]
[SourceVersionDate "2021.10.06"]
[SourceQuality "1"]
[WhiteTeam "Bochum SC an der Uni"]
[BlackTeam "Recklinghausen Altstadt"]
[WhiteTeamCountry "GER"]
[BlackTeamCountry "GER"]

1. c4 c6 2. e4 d5 3. cxd5 cxd5 4. exd5 Qxd5 5. Nc3 Qa5 6. Nf3 Nf6 7. Bb5+ Bd7 8. Bxd7+ Nbxd7 9. 0-0 e6 10. d4 Be7 11. Re1 Nd5 12. Bd2 0-0 13. Qb3 N7b6 14. Re5 Qa6 15. Rae1 Rfd8 16. Nxd5 Rxd5 17. Rxd5 Nxd5 18. Ne5 Rc8 19. a3 Qb6 20. Qxb6 Nxb6 21. Rc1 Rb8 22. Kf1 Bd6 23. h3 Rd8 24. Nc4 Nxc4 25. Rxc4 Kf8 26. Ke2 Ke7 27. g4 a6 28. f4 Rd7 29. Kf3 g6 30. Ke3 Bb8 31. Bb4+ Bd6 32. Bxd6+ Kxd6 33. g5 Rd8 1/2-1/2

[Event "Ruhrgebiet VK2 1213"]
[Site "Nordrheinwestfalen"]
[Date "2013.04.07"]
[Round "8.4"]
[White "Panofen, Ingo"]
[Black "Peters, Olaf"]
[Result "1/2-1/2"]
[WhiteElo "1912"]
[BlackElo "1917"]
[PlyCount "78"]
[EventDate "2012.09.02"]
[EventType "team-tourn"]
[EventRounds "9"]
[EventCountry "GER"]
[SourceTitle "EXT 2020"]
[Source "ChessBase"]
[SourceDate "2019.10.17"]
[SourceVersion "1"]
[SourceVersionDate "2019.10.17"]
[SourceQuality "1"]
[WhiteTeam "Castrop Rauxel II"]
[BlackTeam "Bochum Uni"]
[WhiteTeamCountry "GER"]
[BlackTeamCountry "GER"]

1. d4 d5 2. c4 e6 3. Nc3 Nf6 4. Bg5 Nbd7 5. e3 h6 6. Bh4 Be7 7. Nf3 0-0 8. Rc1 c6 9. Bd3 dxc4 10. Bxc4 Qa5 11. 0-0 e5 12. dxe5 Nxe5 13. Nxe5 Qxe5 14. Bg3 Qa5 15. a3 Bf5 16. f3 b5 17. Bd3 Bxd3 18. Qxd3 Rad8 19. Qe2 a6 20. e4 c5 21. e5 Nh5 22. Ne4 Nxg3 23. hxg3 c4 24. f4 Rd3 25. Kh2 Rfd8 26. Qg4 Qc7 27. Rce1 a5 28. f5 h5 29. Qxh5 Qxe5 30. Rf4 g6 31. Qg4 Kg7 32. f6+ Bxf6 33. Rxf6 Rh8+ 34. Kg1 Qd4+ 35. Rf2 f5 36. Qg5 fxe4 37. Qe7+ Kg8 38. Qe8+ Kg7 39. Qe7+ Kg8 1/2-1/2

[Event "Ruhrgebiet VK2 1213"]
[Site "Nordrheinwestfalen"]
[Date "2012.09.02"]
[Round "1.4"]
[White "Hartung, Thomas"]
[Black "Peters, Olaf"]
[Result "0-1"]
[WhiteElo "1840"]
[BlackElo "1917"]
[PlyCount "56"]
[EventDate "2012.09.02"]
[EventType "team-tourn"]
[EventRounds "9"]
[EventCountry "GER"]
[SourceTitle "EXT 2020"]
[Source "ChessBase"]
[SourceDate "2019.10.17"]
[SourceVersion "1"]
[SourceVersionDate "2019.10.17"]
[SourceQuality "1"]
[WhiteTeam "Annen Sport Union"]
[BlackTeam "Bochum Uni"]
[WhiteTeamCountry "GER"]
[BlackTeamCountry "GER"]

1. e4 c5 2. Nf3 Nc6 3. d4 cxd4 4. Nxd4 e5 5. Nb5 a6 6. Nd6+ Bxd6 7. Qxd6 Qf6 8. Qd2 Nge7 9. Nc3 Qg6 10. Qg5 d5 11. Bd3 d4 12. Nd5 Nxd5 13. exd5 Qxg5 14. Bxg5 Nb4 15. 0-0 f6 16. Bd2 Nxd3 17. cxd3 Bf5 18. Bb4 Bxd3 19. Rfd1 Be4 20. d6 Rc8 21. Re1 Bd5 22. Rad1 Kd7 23. b3 Rc2 24. Ra1 Rhc8 25. f3 a5 26. Ba3 b5 27. Rac1 d3 28. Rxc2 Rxc2 0-1

[Event "Ruhrgebiet VK3 0910"]
[Site "Ruhrgebiet"]
[Date "2010.02.21"]
[Round "7.3"]
[White "Czarnik, Jozef"]
[Black "Peters, Olaf"]
[Result "0-1"]
[WhiteElo "2032"]
[BlackElo "1985"]
[PlyCount "86"]
[EventDate "2009.09.06"]
[EventType "team"]
[EventRounds "9"]
[EventCountry "GER"]
[SourceTitle "EXT 2011"]
[Source "ChessBase"]
[SourceDate "2010.11.26"]
[SourceVersion "1"]
[SourceVersionDate "2010.11.26"]
[SourceQuality "1"]
[WhiteTeam "Haltern"]
[BlackTeam "Bochum Uni"]
[WhiteTeamCountry "GER"]
[BlackTeamCountry "GER"]

1. e4 c5 2. c3 d5 3. exd5 Qxd5 4. d4 Nf6 5. Na3 cxd4 6. Nb5 Qe5+ 7. Qe2 Qxe2+ 8. Bxe2 Na6 9. cxd4 e6 10. Nf3 Bb4+ 11. Bd2 0-0 12. 0-0 Bxd2 13. Nxd2 Bd7 14. Nd6 Nb4 15. Rfc1 Bc6 16. a3 Nbd5 17. Bf3 Rfd8 18. N6c4 Nf4 19. Kf1 Rac8 20. Bxc6 Rxc6 21. Ne5 Rxc1+ 22. Rxc1 N6d5 23. g3 Ng6 24. Ke2 f6 25. Nd3 Kf7 26. Ne4 Nge7 27. Ndc5 b6 28. Nb7 Rd7 29. Ned6+ Kg6 30. Kd3 Nf5 31. Nxf5 Kxf5 32. Nc5 bxc5 33. dxc5 Nc7+ 34. Ke2 Ke5 35. b4 a6 36. f4+ Kd5 37. Kd3 Kc6+ 38. Kc4 Rd2 39. h4 Ra2 40. Kb3 Re2 41. a4 Nd5 42. Kc4 Re4+ 43. Kd3 Rxb4 0-1

[Event "Ruhrgebiet VK3 0910"]
[Site "Ruhrgebiet"]
[Date "2009.12.06"]
[Round "4.3"]
[White "Peters, Olaf"]
[Black "Rosen, Willy"]
[Result "1-0"]
[WhiteElo "1985"]
[BlackElo "2302"]
[PlyCount "47"]
[EventDate "2009.09.06"]
[EventType "team"]
[EventRounds "9"]
[EventCountry "GER"]
[SourceTitle "EXT 2011"]
[Source "ChessBase"]
[SourceDate "2010.11.26"]
[SourceVersion "1"]
[SourceVersionDate "2010.11.26"]
[SourceQuality "1"]
[WhiteTeam "Bochum Uni"]
[BlackTeam "Katernberg III"]
[WhiteTeamCountry "GER"]
[BlackTeamCountry "GER"]

1. c4 e5 2. Nc3 Nf6 3. g3 d5 4. cxd5 Nxd5 5. Bg2 Nb6 6. Nf3 Nc6 7. 0-0 Be7 8. d3 Be6 9. a3 0-0 10. Be3 Nd5 11. Nxd5 Bxd5 12. Rc1 f6 13. Bc5 Rf7 14. Qa4 a6 15. Bxe7 Rxe7 16. Rc5 Qd6 17. Rfc1 Rd8 18. Nh4 Qe6 19. Nf5 Rf7 20. Bxd5 Rxd5 21. Qc4 Rxc5 22. Qxe6 Rxc1+ 23. Kg2 h6 24. Qe8+ 1-0

[Event "Ruhrgebiet VK3 0910"]
[Site "Ruhrgebiet"]
[Date "2009.09.06"]
[Round "1.2"]
[White "Budde, Uwe"]
[Black "Peters, Olaf"]
[Result "0-1"]
[WhiteElo "1874"]
[BlackElo "1985"]
[PlyCount "122"]
[EventDate "2009.09.06"]
[EventType "team"]
[EventRounds "9"]
[EventCountry "GER"]
[SourceTitle "EXT 2011"]
[Source "ChessBase"]
[SourceDate "2010.11.26"]
[SourceVersion "1"]
[SourceVersionDate "2010.11.26"]
[SourceQuality "1"]
[WhiteTeam "Boenen SV"]
[BlackTeam "Bochum Uni"]
[WhiteTeamCountry "GER"]
[BlackTeamCountry "GER"]

1. Nf3 d5 2. d3 c5 3. Nbd2 Nf6 4. c3 Nc6 5. e4 e6 6. Be2 Be7 7. 0-0 0-0 8. Re1 Qc7 9. Qc2 b6 10. Nf1 Bb7 11. Ng3 Rac8 12. Bf1 Bd6 13. Bg5 Ne5 14. Nxe5 Bxe5 15. Bxf6 Bxf6 16. Ne2 Ba6 17. Rad1 Rfd8 18. g3 dxe4 19. dxe4 e5 20. Bh3 Rxd1 21. Rxd1 Rd8 22. Bf1 g6 23. a3 Bb7 24. Bg2 h5 25. h4 Bc6 26. Nc1 c4 27. Ne2 Be7 28. Kf1 a5 29. Ng1 Rd6 30. Rxd6 Qxd6 31. Ke2 b5 32. Bh3 Qc5 33. Nf3 f6 34. Qd2 Bxe4 35. Be6+ Kg7 36. Qd7 Kf8 37. Qd2 Kg7 38. Qd7 Kf8 39. Qd2 Bd3+ 40. Ke1 Kg7 41. Qe3 Qd6 42. Bh3 b4 43. axb4 axb4 44. Qa7 Kf7 45. Qa8 bxc3 46. bxc3 Qa3 47. Qxa3 Bxa3 48. Bd7 Ke7 49. Bb5 Kd6 50. Be8 Ke7 51. Bb5 e4 52. Nd2 Bb2 53. Bxc4 Bxc3 54. Kd1 f5 55. Bb3 Kf6 56. Ba4 f4 57. gxf4 Kf5 58. Be8 Bf6 59. f3 e3 60. Ne4 Bxh4 61. Nd6+ Kxf4 0-1

[Event "Ruhrgebiet VK3 0708"]
[Site "Germany"]
[Date "2007.09.16"]
[Round "1.4"]
[White "Hustert, Volker"]
[Black "Peters, Olaf"]
[Result "0-1"]
[WhiteElo "1944"]
[BlackElo "1890"]
[PlyCount "38"]
[EventDate "2007.09.16"]
[EventType "team"]
[EventRounds "9"]
[EventCountry "GER"]
[SourceTitle "EXT 2009"]
[Source "ChessBase"]
[SourceDate "2008.11.26"]
[SourceVersion "1"]
[SourceVersionDate "2008.11.26"]
[SourceQuality "1"]
[WhiteTeam "Witten"]
[BlackTeam "Bochum Uni"]
[WhiteTeamCountry "GER"]
[BlackTeamCountry "GER"]

1. e4 c5 2. Nf3 Nc6 3. d4 cxd4 4. Nxd4 e5 5. Nb5 a6 6. Nd6+ Bxd6 7. Qxd6 Qf6 8. Qd1 Nge7 9. Nc3 Qg6 10. h4 h5 11. Rh3 d5 12. Rg3 Bg4 13. f3 dxe4 14. fxg4 Rd8 15. Qe2 Nd4 16. Qf2 e3 17. Rxe3 Nxc2+ 18. Ke2 Qxg4+ 19. Qf3 Nd4+ 0-1

[Event "Ruhrgebiet VL2 0405"]
[Site "Ruhrgebiet"]
[Date "2005.03.13"]
[Round "8.7"]
[White "Offele, Holger"]
[Black "Peters, Olaf"]
[Result "1-0"]
[WhiteElo "1886"]
[BlackElo "1848"]
[PlyCount "73"]
[EventDate "2004.09.12"]
[EventType "team"]
[EventRounds "9"]
[EventCountry "GER"]
[SourceTitle "EXT 2006"]
[Source "ChessBase"]
[SourceDate "2005.11.24"]
[SourceVersion "1"]
[SourceVersionDate "2005.11.24"]
[SourceQuality "1"]
[WhiteTeam "Ahlen"]
[BlackTeam "Bochum Post"]
[WhiteTeamCountry "GER"]
[BlackTeamCountry "GER"]

1. d4 d5 2. c4 e6 3. Nc3 Nf6 4. Bg5 Be7 5. e3 Nbd7 6. Nf3 0-0 7. Bd3 dxc4 8. Bxc4 h6 9. Bh4 c5 10. 0-0 cxd4 11. Nxd4 Nb6 12. Bb3 e5 13. Nf3 Qxd1 14. Rfxd1 Bg4 15. h3 Bxf3 16. gxf3 Rfe8 17. Bg3 Bf8 18. Nb5 Rac8 19. Nxa7 Rc5 20. a4 e4 21. fxe4 Nxe4 22. Bf4 g5 23. Bh2 Rf5 24. Bc2 Bg7 25. Nb5 Rc5 26. Bxe4 Rxe4 27. Nd4 Bxd4 28. exd4 Rd5 29. a5 Nc4 30. b4 Rdxd4 31. Rxd4 Rxd4 32. b5 f5 33. a6 bxa6 34. bxa6 Nb6 35. Rb1 Nd7 36. a7 Ra4 37. Rb8+ 1-0

[Event "Ruhrgebiet VL2 0405"]
[Site "Ruhrgebiet"]
[Date "2004.09.12"]
[Round "1.6"]
[White "Peters, Olaf"]
[Black "Hessel, Malte"]
[Result "0-1"]
[WhiteElo "1848"]
[BlackElo "1902"]
[PlyCount "110"]
[EventDate "2004.09.12"]
[EventType "team"]
[EventRounds "9"]
[EventCountry "GER"]
[SourceTitle "EXT 2006"]
[Source "ChessBase"]
[SourceDate "2005.11.24"]
[SourceVersion "1"]
[SourceVersionDate "2005.11.24"]
[SourceQuality "1"]
[WhiteTeam "Bochum Post"]
[BlackTeam "Castrop Rauxel II"]
[WhiteTeamCountry "GER"]
[BlackTeamCountry "GER"]

1. c4 Nf6 2. Nc3 e5 3. g3 d5 4. cxd5 Nxd5 5. Bg2 c6 6. Nf3 Bd6 7. 0-0 Be6 8. e4 Nf6 9. d4 Nbd7 10. h3 Bc4 11. Re1 0-0 12. dxe5 Nxe5 13. Bf4 Qc7 14. Nxe5 Bxe5 15. Bxe5 Qxe5 16. Qc2 Rfd8 17. Rad1 Qa5 18. b3 Be6 19. Rxd8+ Rxd8 20. Rd1 h6 21. Rxd8+ Qxd8 22. e5 Nd5 23. Nxd5 Bxd5 24. Qc5 b6 25. Qd4 Qd7 26. f4 Qf5 27. Qd1 Bxg2 28. Kxg2 Qe4+ 29. Kf2 Qf5 30. Qg4 Qc2+ 31. Qe2 Qc5+ 32. Kf3 Qd5+ 33. Kg4 Qd7+ 34. f5 g6 35. e6 gxf5+ 36. Kxf5 Qd5+ 37. Qe5 fxe6+ 38. Kf6 Qxe5+ 39. Kxe5 Kf7 40. g4 c5 41. a4 Ke7 42. h4 a6 43. g5 hxg5 44. hxg5 b5 45. a5 Kf7 46. Ke4 Kg6 47. Kf4 Kh5 48. Ke5 Kxg5 49. Kxe6 c4 50. bxc4 bxc4 51. Kd5 c3 52. Kc5 c2 53. Kb6 c1Q 54. Kxa6 Qc7 55. Kb5 Qb7+ 0-1

[Event "Ruhrgebiet VL2 0304"]
[Site "Ruhrgebiet"]
[Date "2003.11.09"]
[Round "3.6"]
[White "Peters, Olaf"]
[Black "Happel, Juergen"]
[Result "1/2-1/2"]
[WhiteElo "1865"]
[BlackElo "1858"]
[PlyCount "66"]
[EventDate "2003.09.28"]
[EventType "team"]
[EventRounds "9"]
[EventCountry "GER"]
[SourceTitle "EXT 2007"]
[Source "ChessBase"]
[SourceDate "2006.11.23"]
[SourceVersion "1"]
[SourceVersionDate "2006.11.23"]
[SourceQuality "1"]
[WhiteTeam "Bochum Post"]
[BlackTeam "Hamm 45/58"]
[WhiteTeamCountry "GER"]
[BlackTeamCountry "GER"]

1. c4 c5 2. Nc3 Nc6 3. g3 Nf6 4. Bg2 g6 5. e4 Bg7 6. Nge2 0-0 7. 0-0 d6 8. d3 Bd7 9. h3 a6 10. f4 e6 11. g4 Ne8 12. g5 f5 13. exf5 exf5 14. h4 Nc7 15. Nd5 Be6 16. Nec3 Bf7 17. Nxc7 Qxc7 18. Be3 Ne7 19. Qd2 Rad8 20. Rac1 b6 21. Rfd1 d5 22. Nxd5 Nxd5 23. Bxd5 Bxd5 24. cxd5 Rxd5 25. b4 Qd6 26. bxc5 bxc5 27. Qc2 Bd4 28. Bxd4 Rxd4 29. Rf1 Rc8 30. Qb3+ Kf8 31. Qc3 Kg8 32. Qb3+ Kf8 33. Qc3 Rc7 1/2-1/2

[Event "Ruhrgebiet VL1 0001"]
[Site "Ruhrgebiet"]
[Date "2001.04.08"]
[Round "8"]
[White "Guddat, Joachim"]
[Black "Peters, Olaf"]
[Result "1-0"]
[WhiteElo "2030"]
[BlackElo "1895"]
[PlyCount "159"]
[EventDate "2000.09.17"]
[EventType "team-tourn"]
[EventRounds "9"]
[EventCountry "GER"]
[SourceTitle "EXT 2023"]
[Source "ChessBase"]
[SourceDate "2022.10.05"]
[SourceVersion "1"]
[SourceVersionDate "2022.10.05"]
[SourceQuality "1"]
[WhiteTeam "Osterfeld"]
[BlackTeam "Bochum Post"]
[WhiteTeamCountry "GER"]
[BlackTeamCountry "GER"]

1. d4 d5 2. Nf3 Nf6 3. c4 e6 4. Nc3 Be7 5. Bg5 0-0 6. Qc2 Nbd7 7. cxd5 exd5 8. e3 h6 9. Bh4 c6 10. Bd3 Re8 11. 0-0 Nb6 12. Ne5 Ng4 13. Bg3 Bd6 14. Bh7+ Kf8 15. Nxf7 Kxf7 16. Qg6+ Kf8 17. Qxd6+ Qxd6 18. Bxd6+ Kf7 19. Bd3 Re6 20. Bg3 g6 21. h3 Nf6 22. Be5 Nc4 23. Bxc4 dxc4 24. Bxf6 Rxf6 25. e4 Rd6 26. Rfd1 Be6 27. f3 Rad8 28. Ne2 b5 29. Kf2 a5 30. a3 g5 31. Ke3 Ke7 32. Rh1 b4 33. axb4 axb4 34. h4 g4 35. f4 c3 36. bxc3 bxc3 37. Ra7+ Kf8 38. Rh7 Bg8 39. Rc7 Bc4 40. e5 Rd5 41. e6 Re8 42. Rxc6 Bxe2 43. Kxe2 Rxd4 44. Ke3 Rd2 45. f5 Rxg2 46. Kf4 c2 47. Rc1 Rf2+ 48. Ke5 Re2+ 49. Kf6 Kg8 50. R1xc2 Rf8+ 51. Kg6 Re5 52. Rc8 Rexf5 53. e7 R5f6+ 54. Kh5 Rf5+ 55. Kxg4 Rf4+ 56. Kh5 R4f5+ 57. Kxh6 R5f6+ 58. Kg5 Rf5+ 59. Kg4 Rf4+ 60. Kg3 Rf3+ 61. Kg2 Rf2+ 62. Rxf2 Rxc8 63. h5 Re8 64. Re2 Kf7 65. h6 Kg6 66. Re6+ Kf7 67. Re4 Kg6 68. Re6+ Kf7 69. Re5 Kg6 70. Kf3 Kxh6 71. Ke4 Kg6 72. Kd5 Kf7 73. Kd6 Ra8 74. Rf5+ Kg7 75. Ra5 Rb8 76. Kc7 Rh8 77. Kd7 Kf7 78. Rf5+ Kg6 79. Rf8 Rh7 80. Ke6 1-0

[Event "Bochum-ch"]
[Site "Bochum"]
[Date "2000.12.11"]
[Round "9"]
[White "Peters, Olaf"]
[Black "Hart, Theo"]
[Result "1/2-1/2"]
[WhiteElo "1910"]
[BlackElo "1894"]
[PlyCount "148"]
[EventDate "2000.10.09"]
[EventType "swiss"]
[EventRounds "9"]
[EventCountry "GER"]
[SourceTitle "EXT 2006"]
[Source "ChessBase"]
[SourceDate "2005.11.24"]
[SourceVersion "1"]
[SourceVersionDate "2005.11.24"]
[SourceQuality "1"]

1. c4 e5 2. Nc3 Nf6 3. e4 Nc6 4. g3 Bc5 5. h3 d6 6. Bg2 Be6 7. d3 Nd4 8. Nge2 Nxe2 9. Qxe2 c6 10. 0-0 Nd7 11. Kh2 Qe7 12. f4 f6 13. f5 Bf7 14. Rb1 a5 15. a3 Bd4 16. Be3 a4 17. Bf2 Nc5 18. Qc2 0-0 19. Ne2 Bxf2 20. Rxf2 Nb3 21. g4 Rfc8 22. Nc3 Nd4 23. Qd2 b5 24. cxb5 cxb5 25. h4 Rc5 26. g5 Rac8 27. Rg1 Kh8 28. g6 hxg6 29. fxg6 Bxg6 30. Bh3 Bh5 31. Bxc8 Rxc8 32. Qe3 Bf7 33. Qg3 Be6 34. h5 f5 35. Kh1 f4 36. Qg6 Qf7 37. h6 Qxg6 38. Rxg6 Kh7 39. Rxg7+ Kxh6 40. Re7 f3 41. Rxe6+ Nxe6 42. Rxf3 Nf4 43. Nxb5 Kg5 44. Nc3 Kg4 45. Rf1 Rh8+ 46. Kg1 Kg3 47. Rb1 Rh2 48. b4 axb3 49. Rxb3 Rc2 50. Nd1 Ne2+ 51. Kf1 Nd4 52. Rb2 Rc1 53. Ke1 Nf3+ 54. Ke2 Ra1 55. Rb8 Nd4+ 56. Kd2 Rxa3 57. Rg8+ Kf4 58. Rf8+ Kg3 59. Nc3 Nf3+ 60. Ke3 Rxc3 61. Rxf3+ Kg4 62. Rf6 Rc6 63. Rg6+ Kh5 64. Re6 Kg5 65. Kd2 Kf4 66. Rf6+ Kg5 67. Rf5+ Kg6 68. d4 exd4 69. Kd3 Rc1 70. Kxd4 Rd1+ 71. Kc4 Rc1+ 72. Kd5 Rd1+ 73. Ke6 Rd4 74. Rd5 Rxe4+ 1/2-1/2